000 00660nam a2200193Ia 4500
003 IN-BaIIA
008 211028s9999 xx 000 0 eng d
040 _cIIA Library
080 _a910.4
_bLYO
100 _aLyons, H. G.
_9960
245 0 _aBritish (Terra Nova) antarctic expedition 1910-13
_bmiscllaneous data
_cH. G. Lyons and F. R. S. Colonel
260 _aLondon
_bHarrison and Sons
_c1924
300 _a75p
490 _aBritish terra nova antarctic expedition
650 _aAntarctic Expedition
_9961
650 _aAstronomy and Astrophysics Thesaurus
700 _aColonel, F. R. S.
_9962
942 _cBK
999 _c421
_d421